000 01046nam a2200253 a 4500
001 64168
003 BD-RjUL
005 20211209081258.0
008 170209m19921988enka b 001 0 eng
020 _a0521327652
020 _a0521428890
035 _a(BD-RjUL)64298
040 _aDLC
_cDLC
_dBD-RjUL
_beng
041 _aeng
082 0 0 _a700.941
_223
_bCAM 1992
245 0 4 _aThe Cambridge cultural history /
_cedited by Boris Ford.
260 _aNew York :
_bCambridge University Press,
_c1988-1991.
300 _a9 v. :
_bill. ;
_c26 cm.
504 _aIncludes bibliographies and indexes.
505 1 _av. 1. Prehistoric, Roman, and early medieval -- v. 2. The Middle Ages -- v. 3. Renaissance and Reformation -- v. 4. The seventeenth century -- v. 5. The Augustan age -- v. 6. Romantics to early Victorians -- v. 7. The later Victorian age -- v. 8. The Edwardian age and the inter-war years -- v. 9. Since the Second World War.
650 0 _aArts, British.
_zGreat Britain
_9190565
700 1 _aFord, Boris.
_9185633
942 _2ddc
_cBK
999 _c64168
_d64168